书目信息 |
| 题名: |
植物病害检疫学
|
|
| 作者: | 洪霓 , 高必达 主编 | |
| 分册: | ||
| 出版信息: | 北京 科学出版社 2005.8 |
|
| 页数: | 287页 | |
| 开本: | 26cm | |
| 丛书名: | ||
| 单 册: | ||
| 中图分类: | S41-30 | |
| 科图分类: | ||
| 主题词: | 植物病害--zhi wu bing hai--植物检疫--高等学校--教材 , 植物检疫--zhi wu jian yi | |
| 电子资源: | ||
| ISBN: | 7-03-015990-X | |
| 000 | 01151nam0 2200325 450 | |
| 000 | 01170nam0 2200325 450 | |
| 000 | 01133nam0 2200313 450 | |
| 000 | 01090nam0 2200301 450 | |
| 000 | 01079nam0 2200301 450 | |
| 000 | 01042nam0 2200289 45 | |
| 001 | 012005000000 | |
| 005 | 20051214085339.96 | |
| 010 | @a7-03-015990-X@dCNY30.00 | |
| 100 | @a20051109d2005 em y0chiy0121 ea | |
| 101 | 0 | @achi |
| 102 | @aCN@b110000 | |
| 105 | @af z 000yy | |
| 200 | 1 | @a植物病害检疫学@Azhi wu bing hai jian yi xue@f洪霓,高必达主编 |
| 210 | @a北京@c科学出版社@d2005.8 | |
| 215 | @a287页@c图@d26cm | |
| 300 | @a全国高等农林院校教材 | |
| 320 | @a有书目(第282-287页) | |
| 330 | @a本书共分为三篇,即植物病害检疫总论、国内植物检疫危险性病原物、进境植物检疫危险性病原物,对各病原物从发现历史、分布及危害、所致病害症状、病原特征、适生性、检验检疫方法和检验处理进行了详细阐述。 | |
| 606 | 0 | @a植物病害@Azhi wu bing hai@x植物检疫@x高等学校@j教材 |
| 606 | 0 | @a植物检疫@Azhi wu jian yi |
| 690 | @aS41-30@v4 | |
| 701 | 0 | @a洪霓@Ahong ni@4主编 |
| 701 | 0 | @a高必达@Agao bi da@4主编 |
| 801 | 0 | @aCN@bSRXX@c20051214 |
| 905 | @a10447@dS41-30@eH407 | |
| 植物病害检疫学/洪霓,高必达主编.-北京:科学出版社,2005.8 |
| 287页:图;26cm |
| 全国高等农林院校教材 |
| ISBN 7-03-015990-X:CNY30.00 |
| 本书共分为三篇,即植物病害检疫总论、国内植物检疫危险性病原物、进境植物检疫危险性病原物,对各病原物从发现历史、分布及危害、所致病害症状、病原特征、适生性、检验检疫方法和检验处理进行了详细阐述。 |
| ● |
| 相关链接 |
|
|
|
正题名:植物病害检疫学
索取号:S41-30/H407
 
预约/预借
| 序号 | 登录号 | 条形码 | 馆藏地/架位号 | 状态 | 备注 |
| 1 | 547583 | 205475831 | 自科库401/401自科库 67排2列4层/ [索取号:S41-30/H407] | 在馆 | |
| 2 | 547584 | 205475840 | 自科库401/401自科库 67排2列4层/ [索取号:S41-30/H407] | 在馆 | |
| 3 | 547585 | 205475859 | 自科库401/401自科库 67排2列4层/ [索取号:S41-30/H407] | 在馆 |